Japanese Placenames in English #3 - Statistics

General Stats
  • This quiz has been taken 102 times
  • The average score is 10 of 15
Answer Stats
Placename Answer % Correct
山口 Yamaguchi
90%
青森 Aomori
86%
福島 Fukushima
84%
秋田 Akita
83%
長崎 Nagasaki
76%
北九州 Kitakyushu
66%
三島 Mishima
66%
鹿児島 Kagoshima
64%
島根 Shimane
63%
福井 Fukui
60%
大分 Oita
56%
富山 Toyama
53%
軽井沢 Karuizawa
51%
宇都宮 Utsunomiya
47%
甲府 Kofu
33%
No matching quizzes found
Score Distribution
Percent of People with Each Score
Percentile by Number Answered
Your Score History
You have not taken this quiz